Hilfsmittel für Errichtung und Betrieb von Mikro-rechner-Automatisierungsanlagen /

Saved in:
Bibliographic Details
Main Author: Neumann, Peter
Format: Book
Language:German
Published: Berlin : Technik, 1986
Series:Reihe Automatisierungstechnik Band 219
Online Access: Get full text
Tags: Add Tag
No Tags, Be the first to tag this record!

MARC

LEADER 00000nam a2200000 4500
003 SK-BrCVT
005 20220617153457.0
008 880101s1986 gw e ||||||ger d
035 |a CVTIDW0904337 
040 |b slo  |a CVTI SR 
041 0 |a ger 
044 |a gw 
080 |a 681.3.02:681.31-181.4  |2 UDC-MRF 
100 1 |a Neumann, Peter 
242 1 0 |a Pomocné prostriedky pre zriaďovanie a prevádzku mikropočítačových automatizačných zariadení 
245 1 0 |a Hilfsmittel für Errichtung und Betrieb von Mikro-rechner-Automatisierungsanlagen /  |c Peter Neumann 
260 |a Berlin :  |b Technik,  |c 1986 
300 |a 88 s. 
490 0 |a Reihe Automatisierungstechnik  |v Band 219 
692 |a KM MM 
760 1 |t Reihe Automatisierungstechnik 
910 |b A472090 
974 |f Knihy 
992 |a APP 
999 |c 50321  |d 50321